LEADER 00833nam2-22002771i-450- 001 990007580540403321 005 20061127142126.0 035 $a000758054 035 $aFED01000758054 035 $a(Aleph)000758054FED01 035 $a000758054 100 $a20030814d1987----km-y0itay50------ba 101 0 $aita 102 $aIT 105 $ay-------001yy 200 1 $aComportamento e percezione dello spazio ambientale$edalla Behavioral Revolution al Paradigma umanistico$fElisa Bianchi 215 $av. 1, p. 543-598 463 0$1001000745953 610 0 $aGeografia del comportamento 700 1$aBianchi,$bElisa$f<1949- >$079167 801 0$aIT$bUNINA$gRICA$2UNIMARC 901 $aAN 912 $a990007580540403321 959 $aILFGE 996 $aComportamento e percezione dello spazio ambientale$9685481 997 $aUNINA